Zelený stan /

Hlavní autor: Ulickaja, Ljudmila Jevgen‘jevna, 1943-
Další autoři: Machoninová, Alena, 1980-
Jazyk: Čeština
Vydáno: Praha ; Paseka, 2016
Vydání: Vydání první
Témata:
Externí odkaz: Digitalizovaný dokument
Fyzický popis: 494 stran ; 21 cm
Knihy
Uloženo v:
LEADER 01574nam a2200421 i 4500
001 nkc20162778358
003 CZ PrNK
005 20171207235009.0
007 ta
008 160223s2016 xr g 000 f cze
015 |a cnb002778358 
020 |a 978-80-7432-488-8  |q (vázáno) 
035 |a (OCoLC)946294943 
040 |a ABA001  |b cze  |e rda 
041 1 |a cze  |h rus 
072 7 |a 821.161.1  |x Ruská literatura, rusky psaná  |2 Konspekt  |9 25 
080 |a 821.161.1-31  |2 MRF 
080 |a (0:82-31)  |2 MRF 
100 1 |a Ulickaja, Ljudmila Jevgen‘jevna,  |d 1943-  |7 xx0021919  |4 aut 
240 1 0 |a Zelenyj šater.  |l Česky 
245 1 0 |a Zelený stan /  |c Ljudmila Ulická ; přeložila Alena Machoninová 
250 |a Vydání první 
264 1 |a Praha ;  |a Litomyšl :  |b Paseka,  |c 2016 
300 |a 494 stran ;  |c 21 cm 
336 |a text  |b txt  |2 rdacontent 
337 |a bez média  |b n  |2 rdamedia 
338 |a svazek  |b nc  |2 rdacarrier 
500 |a Přeloženo z ruštiny 
504 |a Obsahuje bibliografické odkazy 
655 7 |a ruské romány  |7 fd133320  |2 czenas 
655 9 |a Russian fiction  |2 eczenas 
700 1 |a Machoninová, Alena,  |d 1980-  |7 xx0049081  |4 trl 
856 4 1 |u http://www.digitalniknihovna.cz/mzk/uuid/uuid:fa8b2400-afdf-11e7-a000-005056827e51  |y Digitalizovaný dokument  |x NDK 
910 2 |a BOA001  |b 2-1368.472 
990 |a BK 
995 |a 01 
996 6 |b 2610670352  |c 2-1368.472  |l MZK  |r Sklad / do 1 hodiny  |n 5  |p p.v.  |w 001561180  |u 000010  |a 1  |e BOA001  |j MZK50  |s P 
996 7 |b 2610701834  |c 2-1368.472  |l MZK  |r Sklad / do 1 hodiny  |n 18  |p kup  |w 001561180  |u 000020  |a 1  |e BOA001  |j MZK50  |s A